| 000 | 00658nam a2200193Ia 4500 | ||
|---|---|---|---|
| 003 | GCL | ||
| 005 | 20240530104619.0 | ||
| 008 | 140319s9999 xx 000 0 ara d | ||
| 040 |
_aGCL / _cGCL |
||
| 082 | 0 | 4 |
_a301.351 _bا د |
| 100 | 0 | _aالسيد رشاد غنيم | |
| 245 | 1 | 0 |
_aدراسات فى علم الاجتماع الريفى / _cالسيد رشاد غنيم |
| 260 |
_aالقاهرة : _bدار المعرفة الجامعية، _c1997 |
||
| 300 |
_a365 ص. ؛ _c24 سنم |
||
| 490 |
_aالهيئة العامة للاستعلامات _v0 |
||
| 650 | 0 | 4 | _aالاجتماع |
| 650 | 0 | 4 | _aعلم الاجتماع الريفى |
| 942 |
_2ddc _cBK |
||
| 999 |
_c49202 _d49202 |
||